LEADER 01109nam0 2200313 450 001 000030411 005 20150323123947.0 100 $a20150323d2014----km-y0itay50------ba 101 0 $aita 102 $aIT 105 $ay-------001yy 200 1 $a<< L' >>area orientale di Napoli$eidentità, storia, sviluppo dai Borbone alla Repubblica$fAntonio Borrelli ... [et al.]$g[progetto grafico di Antonio Picardi] 210 $a[Napoli]$cIl quartiere$h2014 215 $a127 p.$cill.$d21 cm. 225 2 $aStoria e documenti 410 0$12001$aStoria e documenti 500 10$a<< L' >>area orientale di Napoli$957467 610 1 $aNapoli$aStoria$aBarra$aPonticelli$aSan Giovanni a Teduccio$aSec. 18.-20. 676 $a945.731$v22$9Storia. Napoli 702 1$aBorrelli,$bAntonio$f<1953- > 702 1$aGuizzaro,$bAntonio 702 1$aVerolino,$bLuigi 702 1$aD'Angelo,$bAndrea 702 1$aPicardi,$bAntonio 801 0$aIT$bUNIPARTHENOPE$c20150323$gRICA$2UNIMARC 912 $a000030411 951 $a945-A/3$b45494$cNAVA1$d2015 996 $aArea orientale di Napoli$957467 997 $aUNIPARTHENOPE LEADER 01120nam 22003733 450 001 9910130522703321 005 20070518000000.0 010 $a88-420-8331-3 035 $a(CKB)3400000000019197 035 $a(ItFiC)it 02414573 035 $a(EXLCZ)993400000000019197 100 $a20101102d2007 uy 0 101 0 $aita 200 13$aLa filosofia cosmopolitica di Kant /$fGiuliano Marini ; a cura di Nico De Federicis, Maria Chiara Pievatolo 205 $a1. ed. 210 $aRoma [etc.] $cGLF editori Laterza$d2007 215 $axxi, 278 p. ;$d21 cm 225 0$aPercorsi ;$v103 300 $aPubl. posthumously. 300 $aImmanuel Kant (1724-1804). 320 $aIncludes bibliographical references. 676 $a327 676 $a172 676 $a320 676 $a193 700 $aMarini$b Giuliano$f1932-2005.$0162554 701 $aDe Federicis$b Nico$f1970-$0280748 701 $aPievatolo$b Maria Chiara$0254703 801 0$bItFiC 801 1$bItFiC 906 $aBOOK 912 $a9910130522703321 996 $aLa filosofia cosmopolitica di Kant$92870194 997 $aUNINA LEADER 01046nam a2200289 4500 001 991000525829707536 008 041029t 2003it ita d 020 $a8886864868 035 $ab13233786-39ule_inst 040 $aDip.to Lingue$bita 041 $aita 100 1 $aSchaff, Adam$01576 245 10$aSociolinguistica /$ca cura di Adam Schaff ; traduzione e cura di Arianna De Luca ; introduzione di Patrizia Calefato 250 $a1 ed. 260 $aBari :$bEdizioni B.A. Graphis,$cc2003 300 $a165 p. ;$c20 cm 440 4$aGli strumenti.$pSerie gialla ;$v15 504 $aIncludes bibliographical references and index 650 4$aSociolinguistica 700 1 $aDe Luca, Arianna 700 1 $aCalefato, Patrizia 907 $a.b13233786$b21-09-06$c29-10-04 912 $a991000525829707536 945 $aLE012 306.44 SCH$g1$i2012000094499$lle012$o-$pE0.00$q-$rl$s- $t0$u1$v0$w1$x0$y.i13911028$z29-10-04 996 $aSociolinguistica$9252914 997 $aUNISALENTO 998 $ale012$b29-10-04$cm$da $e-$fita$git $h0$i0